Statistics for Taylor Swift Collaborations

Click here to take the quiz!

General Stats

  • This quiz has been taken 6 times
  • The average score is 16 of 22

Answer Stats

HintAnswer% Correct
17coney island (feat. The National)
100%
18evermore (feat. Bon Iver)
100%
7Everything Has Changed (feat. Ed Sheeran)
100%
15exile (feat. Bon Iver)
100%
22Florida!!! (feat. Florence + the Machine)
100%
21Fortnight (feat. Post Malone)
100%
20Karma (feat. Ice Spice)
100%
19Snow On The Beach (feat. Lana Del Rey)
100%
6The Last Time (feat. Gary Lightbody)
100%
12End Game (feat. Ed Sheeran & Future)
75%
14ME! (feat. Brendon Urie of Panic! At The Disco)
75%
16no body, no crime (feat. HAIM)
75%
10Run (feat. Ed Sheeran)
75%
2You All Over Me (feat. Maren Morris)
75%
11Bad Blood (feat. Kendrick Lamar)
50%
1Breathe (feat. Colbie Caillat)
50%
8Nothing New (feat. Phoebe Bridgers)
50%
13Soon You'll Get Better (feat. The Chicks)
50%
3That's When (feat. Keith Urban)
50%
5Castles Crumbling (feat. Hayley Williams)
25%
4Electric Touch (feat. Fall Out Boy)
25%
9I Bet You Think About Me (feat. Chris Stapleton)
25%

Score Distribution

Percentile by Number Answered

Percent of People with Each Score

Your Score History

You have not taken this quiz